| 000 | 01143cam a2200289Ia 4500 | ||
|---|---|---|---|
| 001 | 4258938 | ||
| 005 | 20220326193306.0 | ||
| 008 | 040108s2003 es a b 000 0 spa d | ||
| 020 | _a9992377763 | ||
| 035 | _a(NNC)4258938 | ||
| 035 | _a(OCoLC)ocm55960377 | ||
| 040 |
_aCSL _cCSL |
||
| 043 | _ances--- | ||
| 082 |
_a3063742.0972.84 _bV712h |
||
| 090 |
_aHQ159.S2 _bV55 2003 |
||
| 100 | 1 |
_aVillacorta, Azahara. _91760 |
|
| 245 | 1 | 0 |
_aHistorias putas : _blos relatos de doce mujeres trabajadoras y ex trabajadoras del sexo del centro de San Salvador / _cAzahara Villacorta. |
| 250 | _a1. ed. | ||
| 260 |
_aSan Salvador, El Salvador, Centroamérica : _bAsociación de Mujeres "Flor de Piedra", _cc2003. |
||
| 300 |
_a169 p. : _bcol. ill. ; _c22 cm. |
||
| 500 | _a"Hablan las trabajadoras del sexo del centro de San Salvador en lucha por su dignificación."--Cover. | ||
| 504 | _aIncludes bibliographical references (p. 169). | ||
| 650 | 0 |
_aProstitution _zEl Salvador _zSan Salvador. _91761 |
|
| 650 | 0 |
_aProstitutes _zEl Salvador _zSan Salvador _vInterviews. _91762 |
|
| 710 | 2 |
_aAsociación de Mujeres "Flor de Piedra." _91763 |
|
| 999 |
_c371 _d371 |
||